Guess the WWE Wrestler by their Song - Statistics

General Stats
  • This quiz has been taken 1,329 times
  • The average score is 17 of 30
Answer Stats
Theme Song Wrestler % Correct
Basic Thuganomics John Cena
93%
Rest In Peace The Undertaker
90%
Cult of Personality CM Punk
87%
Voices Randy Orton
87%
Electrifying The Rock
87%
The Game Triple H
85%
Break Down the Walls Chris Jericho
81%
What's Up? R-Truth
80%
Main Event Ish Jey Uso
79%
The Truth Reigns Roman Reigns
78%
I Came to Play The Miz
75%
Slow Chemical Kane
70%
I Walk Alone Batista
68%
Next Big Thing Brock Lesnar
63%
New Day, New Way Kofi Kingston | Xavier Woods
59%
Demon In Your Dreams Rhea Ripley
56%
Catch Your Breath Finn Balor
55%
The Second Coming Seth Rollins
53%
Symphony No. 9 in E Minor Gunther
47%
Crank it Up Big Show
44%
I Wont Do What You Tell Me "Stone Cold" Steve Austin
43%
Taking It All Solo Sikoa
42%
Wreck Mick Foley / Mankind
39%
Common Man Boogie Dusty Rhodes
35%
The Dudester Dude Love
33%
Cool, Cocky, Bad Honky Tonk Man
28%
La Vittoria E Mia (Victory is Mine) Santino Marella
28%
Also Sprach Zarathustra Ric Flair
24%
Whole Lotta Groove Cactus Jack
16%
Protection Farooq / Ron Simmons
11%
No matching quizzes found
Score Distribution
Percent of People with Each Score
Percentile by Number Answered
Your Score History
You have not taken this quiz